000
00237nam a2200097Ia 4500
001
650433
005
20250826154359.0
008
250824s9999 xx 000 0 und d
245
0
_a
GÜLÜCÜK
_c
CAHİT ZARİFOĞLU
260
_b
BEYAN YAYINLARI
999
_c
650433
_d
650433